banner-ar

اطباق الدجاج والطيور / (Record no. 64785)

MARC details
000 -الفاتح
حقل البيانات ثابتة الطول 00593nam a2200193Ia 4500
005 - وقت وتاريخ اخر تعامل مع التسجيلة
رقم الضبط 20240530110750.0
008 - عناصر البيانات ثابتة الطول - معلومات عامة
حقل البيانات ثابتة الطول 140319s9999 xx 000 0 ara d
040 ## - مصدر الفهرسة
وكالة الفهرسة الأصلية GCL /
وكالة النسخ GCL
082 04 - رقم تصنيف ديوى العشرى
رقم التصنيف 641.7 \
رقم المادة ب أ
100 1# - المدخل الرئيسى - إسم شخصى
الإسم الشخصى بلاكو ، ماريان
245 10 - بيان العنوان
العنوان اطباق الدجاج والطيور /
بيان المسئوليه,etc ماريان بلاكو
260 ## - PUBLICATION, DISTRIBUTION, ETC. (IMPRINT)
تاريخ النشر أو التوزيع 1993
300 ## - الوصف المادى
التعداد 96 ص
490 ## - بيان السلسلة
عنوان السلسلة سلسلة المطبخ العالمى
رقم المجلد/ التعيين التسلسلي 0
650 04 - المدخل الاضافى بالموضوع-مصطلح موضوعى
مصطلح موضوعي الاقتصاد المنزلى
650 04 - المدخل الاضافى بالموضوع-مصطلح موضوعى
مصطلح موضوعي الطهى
942 ## - عناصر المدخل الإضافي( كوها)
مصدر التصنيف او مخطط الترفيف Dewey Decimal Classification
Koha [default] item type كتاب
260 ## - PUBLICATION, DISTRIBUTION, ETC. (IMPRINT)
-- [S.N] :
-- الدار العربية للعلوم ،
Holdings
حالة التراجع حالة الفقد مصدر التصنيف او خطة الترفيف حالة تلف ليس للاعارة المكان المؤقت الموقع الحالى تاريخ الاكتساب اجمالي اﻻعارات رقم الطلب الباركود تاريخ اخر مشاهدة تاريخ تفعيل السعر نوع وعاء كوها
    ddc     مكتبة القاهرة الكبرى مكتبة القاهرة الكبرى 12/15/2018   641.7 \ ب أ 165279 12/15/2018 12/15/2018 كتاب
    ddc     مكتبة القاهرة الكبرى مكتبة القاهرة الكبرى 12/15/2018   641.7 \ ب أ 165280 12/15/2018 12/15/2018 كتاب
    ddc     مكتبة القاهرة الكبرى مكتبة القاهرة الكبرى 12/15/2018   641.7 \ ب أ 165281 12/15/2018 12/15/2018 كتاب

Powered By

EGPV